| 000 | 00819nac a22002531i 4500 | ||
|---|---|---|---|
| 003 | EG-ScBUE | ||
| 005 | 20230813130706.0 | ||
| 008 | 230813t1994 nyu f 000 0 eng d | ||
| 020 | _a080502350X | ||
| 020 | _a9780805023503 | ||
| 040 |
_aEG-ScBUE _beng _erda _cEG-ScBUE _dEG-ScBUE |
||
| 082 | 0 | 4 |
_a903 _bWET _222 |
| 100 | 1 |
_aWetterau, Bruce, _eauthor. |
|
| 245 | 1 | 0 |
_aWorld history : _ba dictionary of important people, places, and events from ancient times to the present / _cBruce Wetterau. |
| 250 | _aFirst edition. | ||
| 264 | 1 |
_aNew York : _bHenry Holt and Company, _c[1994] |
|
| 264 | 4 | _cc1994 | |
| 300 |
_axvi, 1173 pages ; _c25 cm |
||
| 336 |
_2rdacontent _atext _btxt |
||
| 337 |
_2rdamedia _aunmediated _bn |
||
| 338 |
_2rdacarrier _avolume _bnc |
||
| 650 | 7 |
_aHistory _xDictionaries. _2BUEsh |
|
| 942 |
_cNB _2ddc |
||
| 999 |
_c8063 _d8063 |
||